Music Quiz

Random Music or Song Quiz

Most Played Songs on Spotify by Year (1950-2005) Quiz Stats

 Plays Quiz not verified by Sporcle

Score 0/56 Timer 08:00
0 Plays Today
Year Song % Correct
1975Bohemian Rhapsody
85.2%
1984Thriller
79.8%
1991Smells Like Teen Spirit
79.2%
1996Wonderwall
78.3%
1983Billie Jean
77.5%
1985Take on Me
76.6%
1970ABC
76.4%
1986Livin' on a Prayer
73.6%
1997Wannabe
73.6%
1981Don't Stop Believin'
73%
1982Eye of the Tiger
71.5%
1974Sweet Home Alabama
67%
1992Under the Bridge
66.1%
1993Creep
65.7%
2005Mr. Brightside
64.8%
2002Lose Yourself
64.2%
1963Ring of Fire
62.7%
1988Fast Car
60.7%
2000Californication
60.7%
1995Gangsta's Paradise
60.5%
1998Iris
60.3%
2004Boulevard of Broken Dreams
58.4%
1972Superstition
58.2%
1967Brown Eyed Girl
57.1%
1973Dream On
56.4%
1987With or Without You
55.8%
1964The House of the Rising Sun
55.6%
1968(Sittin' On) The Dock of the Bay
55.4%
Year Song % Correct
1950*A Crosby Christmas
54.1%
2001In the End
53.6%
1969I Want You Back
52.8%
1976Walk This Way
52.1%
1989Paradise City
51.3%
1977Go Your Own Way
49.6%
1979Sultans of Swing
48.1%
1958Johnny B. Goode
47.2%
2003Numb
46.8%
1980Another One Bites the Dust
45.9%
1957Jailhouse Rock
44.6%
1965My Girl
41.8%
1994*All I Want for Christmas Is You
40.1%
1966Paint It Black
38%
1978Night Fever
36.5%
1956I Walk the Line
35.6%
1961At Last
33.7%
1990Enjoy the Silence
33.7%
1971Ain't No Sunshine
33.5%
1999Still Dre
24.5%
1953*Santa Baby
19.3%
1962*Rockin' Around the Christmas Tree
16.5%
1954*The Christmas Song
16.1%
1952*Rudolph the Red-Nosed Reindeer
13.1%
1960Wonderful World
11.6%
1955The Great Pretender
8.4%
1959*The Little Drummer Boy
3.2%
1951*It's Beginning to Look a Lot Like Christmas
3%

You're not logged in!

Compare scores with friends on all Sporcle quizzes.
OR
Log In

Sporcle TV

Today on Sporcle TV


Watch our educational content, quiz creation guides, and fun videos on Sporcle TV.

Show Comments

Extras

Top Quizzes Today


Score Distribution

Your Account Isn't Verified!

In order to create a playlist on Sporcle, you need to verify the email address you used during registration. Go to your Sporcle Settings to finish the process.

Report this User

Report this user for behavior that violates our Community Guidelines.

Details: